Mathématiques Mentales - Multiplication - Statistiques

Statistiques générales
  • Ce quiz a été pris 4 680 fois
  • Le résultat moyen est 7 sur 10
Statistiques - réponses
Calcul Réponse % Correct
2 x 5 10
81%
1 x 13 13
80%
2 x 7 14
80%
9 x 1 9
80%
4 x 3 12
79%
11 x 10 110
78%
8 x 10 80
78%
6 x 3 18
77%
1 x 2 2
77%
9 x 3 27
76%
10 x 14 140
75%
7 x 5 35
75%
5 x 8 40
75%
15 x 3 45
74%
30 x 3 90
74%
20 x 6 120
73%
5 x 6 30
73%
0.5 x 4 2
72%
9 x 4 36
71%
6 x 9 54
70%
7 x 9 63
70%
17 x 2 34
69%
13 x 3 39
68%
7 x 8 56
67%
5 x 13 65
60%
12 x 8 96
55%
16 x 5 80
54%
6 x 2.5 15
52%
5 x 17 85
51%
3 x 1.5 4.5
3%
Aucun quiz correspondant
Distribution des résultats
% des personnes avec chaque résultat
Percentile par nombre de réponses
Votre historique - résultats
Vous n’avez pas pris ce quiz